Oral and maxillofacial pathology (Record no. 2433)

MARC details
000 -LEADER
fixed length control field 00412nam a22001577a 4500
008 - FIXED-LENGTH DATA ELEMENTS--GENERAL INFORMATION
fixed length control field 250318b |||||||| |||| 00| 0 eng d
020 ## - INTERNATIONAL STANDARD BOOK NUMBER
ISBN 9781455770526
100 ## - MAIN ENTRY--AUTHOR
Author Neville Brad N
245 ## - TITLE STATEMENT
Title Oral and maxillofacial pathology
250 ## - EDITION STATEMENT
Edition statement 4th
260 ## - PUBLICATION, DISTRIBUTION, ETC. (IMPRINT)
Place of publication Missouri
Name of publisher Elsevier
Date of publication 2016
300 ## - COLLATION
Pagination xiii,912p
650 ## - TRACINGS
Main Subject Mouth-Diseases-Atlases
Subdivision (1st) Jaws-Diseases-Atlases
942 ## - ADDED ENTRY ELEMENTS (KOHA)
Item type Books
050 ## - LIBRARY OF CONGRESS CALL NUMBER
Classification number RC815
Item number .N48
Holdings
Source of classification or shelving scheme Not for loan Permanent location Current location Date acquired Accession No. Full call number Barcode. Koha item type
Library of Congress Classification   Medical Library Medical Library 03/18/2025 2024/64055 RC815.N48 2025-0698 Books